000 00314nam a22001337a 4500
003 SGT
082 _a612.015
_bS20K
100 _aKUMARI, MITHLESH
245 _aSTUDY OF OXIDANT AND ANTIOXIDENT STUTUS IN LICHEN PLANUS PATIENTS
260 _aSGT
_c2020
300 _a56
650 _aBIOCHEMISTRY
942 _2ddc
_cTH
999 _c20743
_d20743